Le meilleur buteur de chaque club de Ligue 1 - Statistiques

Statistiques générales
  • Ce quiz a été pris 35 fois
  • Le résultat moyen est 3 sur 18
Statistiques - réponses
Club Buts Pays Période au club Réponse % Correct
PSG 256 France 2017-2024 Kylian Mbappe
100%
OL 222 France 1960-1974 Fleury Di Nallo
45%
Stade de Reims 145 France 1956-1962 Just Fontaine
42%
ASSE 211 France 1966-71 / 1973-78 Hervé Revelli
33%
AS Monaco 223 Argentine 1973-1980 Delio Onnis
27%
OM 194 Suède 1950-1958 Gunnar Andersson
21%
MHSC 84 France 1983-1991 Laurent Blanc
18%
AJ Auxerre 100 Pologne 1980-1985 Andrzej Szarmach
15%
FC Nantes 146 France 1960-1971 Philippe Gondet
9%
Stade brestois 74 France 1984-87 / 1989-90 Gérard Buscher
6%
LOSC 218 France 1944-53 / 1956-57 Jean Baratte
3%
Stade rennais 154 France 1947-52 / 1954-56 Jean Grumellon
3%
Toulouse FC 83 France 1979-1983 Robert Pintenat
3%
Le Havre AC 81 France 1998-2007 / 2008-10 Jean-Michel Lesage
0%
OGC Nice 211 Espagne 1937-1948 Joaquin Valle
0%
RC Strasbourg 118 Allemagne 1934-1939 Oskar Rohr
0%
RC Lens >225 Pologne 1936-1949 Stefan Dembicki
0%
Angers SCO 107 France 1957-1964 Stéphane Bruey
0%
Aucun quiz correspondant
Distribution des résultats
% des personnes avec chaque résultat
Percentile par nombre de réponses
Votre historique - résultats
Vous n’avez pas pris ce quiz